000 00784nam a2200277Ia 4500
003 OSt
005 20220912151439.0
006 a|||||r|||| 00| 0
007 ta
008 220909b |||||||| |||| 00| 0 eng d
024 _a38913
037 _cTextual
040 _aCSL
_beng
_cCSL
041 _aeng
082 _aE:3,E53, M4.3
100 _aLong Gray J Ed.
245 0 _aMossbauer spectroscopy applied to inorganic chemistry
260 _aNew York
_b Plenum Press
_c1984
300 _a644p.
_ccm.
490 _aModern inorganic chemistry
650 _a Inorganic chemistry
650 _aChemistry
700 _a Grandjean Fernande Ed.
942 _hE:3,E53, M4.3
_cTEXL
_2CC
999 _c68847
_d68847